000 00814nam a2200217Ia 4500
003 GCL
008 140319s9999 xx 000 0 ara d
040 _aGCL /
_cGCL
082 0 4 _a001.6424
_bج ب
100 1 _aجوتفريد، بايرون، س
245 1 0 _aالبرمجة بلغة البيسك: يتضمن قسم موسع لبيسك الحاسب الدقيق /
_cجوتفريد، بايرون، س
700 1 _aاحمد عزيز كمال
700 1 _aابتسام صديق ابو الخير
260 _a[S.N] :
_bالدار الدولية للنشر والتوزيع ،
_c1991
300 _a445
490 _aملخصات شوم
_v0
650 0 4 _aالحاسبات الالكترونية
650 0 4 _aباسيك
650 0 4 _aبرامج الحاسبات الالكترونية
942 _2ddc
_cBK
999 _c52381
_d52381